000 00281nam a22001217a 4500
008 181126b xxu||||| |||| 00| 0 eng d
041 _aeng
080 _a159.9
100 _a49
101 _apsi
245 _aMind And Body Psychosomatic Medicine
_cDunbar.F
942 _2udc
_cBK
999 _c52471
_d52471